| 000 | 00532ntm a22002057a 4500 | ||
|---|---|---|---|
| 005 | 20190617105450.0 | ||
| 008 | 170710b xxu||||| |||| 00| 0 spa d | ||
| 020 | _a9789930543061 | ||
| 041 | _aSPA | ||
| 082 | _aCR 863.44 G983a | ||
| 100 |
_aGutiérrez Calderón, Huanelge _943304 |
||
| 245 | _aA mano armada: masacre en Monteverde | ||
| 260 | _aCosta Rica | ||
| 260 | _bAtabal | ||
| 260 | _c2017 | ||
| 300 | _a206 páginas | ||
| 650 |
_aNOVELA COSTARRICENSE _9423 |
||
| 650 |
_aLITERATURA COSTARRICENSE _9424 |
||
| 942 | _cLIT | ||
| 999 |
_c9617 _d9617 |
||